00912cam a2200241 a 450000100100000000500170001000800410002702000220006804000230009008200260011310000400013924500790017925000110025826000520026930000210032159000510034265000350039365000370042870000270046591000340049295201290052699900150065500000795120200929154350.0820721s1988 pr 000 j spa  a8449949327 (pbk.) aDO-SdBNPcDLCdDLC aPR863.44bL951v, 19881 aLugo Filippi, Carmen,d1940-92176010aVírgenes y mártires :bcuentos /cCarmen Lugo Filippi, Ana Lydia Vega. a3a ed. aRío Piedras, Puerto Rico :bAntillana,c1988. a139 p. ;c21 cm. aAutografiado y dedicado por una de las autoras 4aCuentos puertorriqueños9249 4aLiteratura puertorriqueña92501 aVega, Ana Lydia921761 aCatalogación por copia / LC 001052708MOaGRbGRcCTd2009-09-11iLF1l0oPR863.44 L951v, 1988p7951-10r2020-06-25w2020-06-25y2ZPréstamo interno c7729d7729